000 01911nam a22003017a 4500
001 5350
003 FISKH
005 20241127142525.0
008 241127b cb ||||| |||| 00| 0 eng d
020 _a9780521528849
040 _aFISKH
_beng
_cFISKH
_dFISKH
050 _aCC72.H62
082 _a930.1
100 _aHodder, Ian
245 _aReading the Past :
_b Current Approaches to Interpretation in Archaeology /
_cby Ian Hodder and Scoot Huston
250 _aFirst published 1986
260 _aNew York :
_bCambridge University Press ;
_c2003 .
300 _a293 pages :
_billustrations ;
_c22 cm .
505 _aZ
520 _aThe third edition of this classic introduction to archaeological theory and method has been fully updated to address the burgeoning of theoretical debate throughout the discipline. Ian Hodder and Scott Hutson argue that archaeologists must bring to bear a variety of perspectives in the complex and uncertain task of constructing meaning from the past. While remaining centred on the importance of hermeneutics, agency and history, the authors explore cutting-edge developments in areas such as post-structuralism, neo-evolutionary theory and whole new branches of theory such as phenomenology. With the addition of two completely new chapters, the third edition of Reading the Past presents an authoritative, state-of-the-art analysis of contemporary archaeological theory. Also including new material on feminist archaeology, historical approaches such as cultural history, and theories of discourse and signs, this book represents essential reading for any student or scholar with an interest in the past.
521 8 _a1010
_bLexile estimate
521 8 _aZ
_bRaz-Plus
650 _amethodology
_vNon-fiction
650 _aarchaeological theory
_vNon-fiction
700 _aHuston, Scott
_eillustrator
942 _2ddc
_cBK
_n0
999 _c5350
_d5350